Eurovision Song Contest 2015 - Statistics

General Stats
  • This quiz has been taken 111 times
    99 since last reset
  • The average score is 45 of 80
Answer Stats
Country Act or Song % Correct
Swedish Song Heroes
89%
Estonian Song Goodbye to Yesterday
81%
Swedish Act Måns Zelmerlöw
80%
Italian Song Grande amore
78%
Georgian Song Warrior
78%
Maltese Song Warrior
78%
Israeli Song Golden Boy
77%
Russian Song A Million Voices
76%
Norwegian Song A Monster Like Me
75%
Australian Act Guy Sebastian
75%
Italian Act Il Volo
75%
Serbian Song Beauty Never Lies
73%
Russian Act Polina Gagarina
72%
German Song Black Smoke
71%
Belgian Song Rhythm Inside
71%
Australian Song Tonight Again
71%
Belgian Act Loïc Nottet
70%
Belarusian Song Time
70%
Montenegrine Song Adio
69%
German Act Ann Sophie
69%
Albanian Song I'm Alive
69%
Montenegrine Act Knez
67%
Latvian Song Love Injected
67%
Austrian Act The Makemakes
67%
Latvian Act Aminata
65%
Maltese Act Amber
64%
Slovenian Song Here for You
64%
Azerbaijani Song Hour of the Wolf
64%
Irish Song Playing with Numbers
63%
Georgian Act Nina Sublatti
61%
British Song Still in Love with You
61%
Spanish Act Edurne
60%
British Act Electro Velvet
60%
Moldovan Song I Want Your Love
60%
Spanish Song Amanecer
59%
Armenian Song Face the Shadow
59%
Slovenian Act Maraaya
59%
Greek Song One Last Breath
59%
Hungarian Song Wars for Nothing
59%
Song of F.Y.R. Macedonia Autumn Leaves
58%
Romanian Song De la capăt / All over Again
58%
Estonian Act Elina Born & Stig Rästa
58%
Armenian Act Genealogy
58%
Hungarian Act Boggie
57%
French Song N'oubliez pas
57%
Dutch Song Walk Along
57%
Albanian Act Elhaida Dani
55%
Austrian Song I Am Yours
55%
Czech Song Hope Never Dies
54%
Sammarinese Song Chain of Lights
53%
Polish Song In the Name of Love
53%
Norwegian Act Mørland & Debrah Scarlett
51%
Lithuanian Song This Time
51%
Swiss Song Time to Shine
51%
Icelandic Song Unbroken
51%
Irish Act Molly Sterling
49%
French Act Lisa Angell
48%
Danish Song The Way You Are
48%
Israeli Act Nadav Guedj
47%
Romanian Act Voltaj
47%
Danish Act Anti Social Media
45%
Serbian Act Bojana Stamenov
45%
Icelandic Act María Ólafs
45%
Cypriotic Song One Thing I Should Have Done
45%
Finnish Song Aina mun pitää
42%
Swiss Act Mélanie René
42%
Moldovan Act Eduard Romanyuta
41%
Portuguese Act Leonor Andrade
40%
Greek Act Maria Elena Kyriakou
36%
Azerbaijani Act Elnur Hüseynov
35%
Polish Act Monika Kuszyńska
35%
Belarusian Act Uzari&Maimuna
35%
Portuguese Song Há um mar que nos separa
34%
Dutch Act Trijntje Oosterhuis
34%
Lithuanian Act Monika Linkytė & Vaidas Baumila
29%
Cypriotic Act John Karayiannis
28%
Sammarinese Act Anita Simoncini & Michele Perniola
27%
Czech Act Marta Jandová & Václav Noid Bárta
24%
Act of F.Y.R. Macedonia Daniel Kajmakoski
23%
Finnish Act Pertti Kurikan Nimipäivät
20%
No matching quizzes found
Score Distribution
Percent of People with Each Score
Percentile by Number Answered
Your Score History
You have not taken this quiz since the last reset